00394 2200157 4500001002100000005001500021008004100036035001900077041000700096082001000103090001600113245000800129260004200137300001800179650003900197INLIS00000000001546820241224114935241224||||||||| | ||| |||| || |  0010-1224015468 aid0 a557.7 a557.7 TIM a00aAIR aJakartabGramedia Pustaka Utamac1981 a31hlm;15x18cm 0ailmu ilmu pengetahuan tentang bumi